000 00871nam a2200205Ii 4500
003 JO-AjNU
008 230605s9999||||xx |||||||||||||| ||und||
040 _aJO-AjNU
_bara
_erda
_cJO-AjNU
041 _aara
050 1 4 _aZ669.5.S3.D426 2009
100 3 _aالدبيان ، موضي بنت ابراهيم,
_eauthor
_927645
245 0 0 _aالبرامج الاكاديمية في اقسام المكتبات والمعلومات بالجامعات السعودية تقويمها ومدى تلبيتها لاحتياجات سوق العمل
264 3 1 _aالرياض ،2009
300 _a186ص
336 _atext
_btxt
_2rdacontent
337 _aunmediated
_bn
_2rdamedia
338 _avolume
_bnc
_2rdacarrier
490 0 _aالسلسلة الاولى54
650 4 _aالبرامج الاكاديمية-المكتبات والمعلومات-السعودية
_927646
999 _aA10629
_c14197
_d14197